[Event "ICS Rated blitz match"]
[Site "204.178.125.65"]
[Date "2000.10.01"]
[Round "?"]
[White "brutus"]
[Black "Hossa"]
[Result "0-1"]
[WhiteElo "2196"]
[BlackElo "2604"]
[PlyCount "288"]
[EventDate "2000.??.??"]

1. e4 c5 2. Nf3 d6 3. d4 cxd4 4. Nxd4 e5 5. Nf3 Nf6 6. Nc3 Nc6 7. Bc4 Be6 8.
Bb3 Be7 9. O-O O-O 10. Bg5 Rc8 11. Bxf6 Bxf6 12. Nd5 Bxd5 13. Qxd5 Qd7 14. Rad1
Qg4 15. Rfe1 Be7 16. c3 Rc7 17. Nd2 Rd7 18. Nf1 Bg5 19. Rd3 Ne7 20. Qb5 Rfd8
21. Rg3 Qh5 22. Ne3 Bxe3 23. Rgxe3 Qg4 24. h3 Qg5 25. Rd3 Ng6 26. Rg3 Qf6 27.
Rge3 Nf4 28. Kh2 Qg5 29. g3 Ne6 30. Bd5 b6 31. Qb3 Nc7 32. Kg2 Re7 33. Rd3 Ne6
34. Kh2 Nc5 35. Qc2 Nxd3 36. Qxd3 Qh5 37. g4 Qg5 38. Qe3 Qh4 39. Qg3 Qh6 40.
Qe3 Qf6 41. Rd1 Qh4 42. Qg3 Qxg3+ 43. Kxg3 g5 44. f3 Kg7 45. Rd2 a6 46. Rd1
Red7 47. Rd2 Kf6 48. Rd1 Rh8 49. Rd2 h5 50. Rd1 Rdd8 51. Rd2 hxg4 52. hxg4 Rh1
53. Rh2 Rxh2 54. Kxh2 Rh8+ 55. Kg2 Rh6 56. Bb7 a5 57. Bc6 Rh8 58. a4 Kg6 59. c4
Kg7 60. Bd5 Kf6 61. Kg1 Rh7 62. Kg2 Rh4 63. Kg1 Ke7 64. Kg2 Rh6 65. Kg1 Rh3 66.
Kg2 Rh4 67. Kg1 Kf8 68. Kg2 Kg7 69. Kg1 Rh3 70. Kg2 Rh7 71. Kg1 Kg8 72. Kg2 Kf8
73. Kg1 Rh6 74. Kg2 f6 75. Kg1 Kg7 76. Kg2 Rh8 77. Kg1 Kf8 78. Kg2 Ke7 79. b3
Kf8 80. Kg1 Rh6 81. Kg2 Kg7 82. Kg1 Rh8 83. Kg2 Kg6 84. Kg1 Rh7 85. Kg2 Kg7 86.
Kg1 Kf8 87. Kg2 Kg7 88. Kg1 Kf8 89. Kg2 Kg7 90. Kg1 Kf8 91. Kg2 Kg7 92. Kg1 Kf8
93. Kg2 Ke8 94. Kg1 Rh8 95. Kg2 Ke7 96. Kg1 Kd7 97. Kg2 Rh6 98. Kg1 Kc7 99. Kg2
Rh7 100. Kg1 Kb8 101. Kg2 Ka7 102. Kg1 Ka6 103. Kg2 Rh6 104. Kg1 Rh4 105. Kg2
Ka7 106. Kg1 Kb8 107. Kg2 Rh8 108. Kg1 Ka7 109. Kg2 Ka6 110. Kg1 Rf8 111. Kg2
Ka7 112. Kg1 Rd8 113. Kg2 Kb8 114. Kg1 Re8 115. Kg2 Kc7 116. Kg1 Rf8 117. Kg2
Rc8 118. Kg1 Rd8 119. Kf2 Rh8 120. Kg2 Rh4 121. Kg1 Kd8 122. Kg2 Rh7 123. Kg1
Re7 124. Kg2 Kd7 125. Kg1 Kc7 126. Kf2 Rg7 127. Kg2 Rd7 128. Kg1 b5 129. Kg2
bxa4 130. bxa4 Kb6 131. Kg1 Kc5 132. Be6 Rc7 133. Bd5 Kb4 134. Kf2 Kxa4 135.
Ke3 Kb4 136. Kd3 a4 137. Kc2 Rh7 138. Kb2 Rh3 139. Ka2 Rxf3 140. c5 dxc5 141.
Be6 c4 142. Bd5 Rf2+ 143. Ka1 Kb3 144. Kb1 Rf1# {brutus checkmated} 0-1

[Event "ICS rated blitz match"]
[Site "204.178.125.65"]
[Date "2000.10.01"]
[Round "?"]
[White "Hossa"]
[Black "brutus"]
[Result "1-0"]
[WhiteElo "2607"]
[BlackElo "2193"]
[PlyCount "125"]
[EventDate "2000.??.??"]

1. e4 e6 2. d4 d5 3. Nd2 Nf6 4. e5 Nfd7 5. Bd3 c5 6. c3 Nc6 7. Ne2 cxd4 8. cxd4
Nb6 9. O-O Bd7 10. Nf3 Be7 11. a3 a5 12. Nc3 a4 13. Rb1 Na5 14. Be3 Nb3 15. Bc2
Na5 16. Nxa4 Nxa4 17. Bxa4 Bxa4 18. Qxa4+ Qd7 19. Qxd7+ Kxd7 20. Rfc1 Nc4 21.
Rc2 h6 22. Rbc1 Rhc8 23. h3 Rc6 24. Ne1 Rcc8 25. Nd3 b6 26. a4 Rxa4 27. b3 Ra3
28. Rc3 b5 29. bxc4 Rxc3 30. Rxc3 dxc4 31. Nc5+ Bxc5 32. dxc5 Kc6 33. Rc1 Kd5
34. Rd1+ Kxe5 35. Rd7 b4 36. Bd4+ Ke4 37. f3+ Kd3 38. Bxg7+ Ke2 39. Rxf7 Rxc5
40. Bxh6 b3 41. Rb7 Kd3 42. g4 Kc2 43. Bf8 Rc6 44. h4 c3 45. Kf2 b2 46. g5 b1=Q
47. Rxb1 Kxb1 48. g6 c2 49. Bh6 e5 50. h5 Rc8 51. Bg5 Rg8 52. Be3 c1=Q 53. Bxc1
Kxc1 54. Ke3 Kd1 55. f4 exf4+ 56. Kxf4 Ke2 57. Kg5 Kf3 58. h6 Ra8 59. g7 Ra5+
60. Kg6 Ra6+ 61. Kh7 Ra7 62. Kh8 Ra6 63. h7 {brutus resigns} 1-0

[Event "ICS rated blitz match"]
[Site "204.178.125.65"]
[Date "2000.10.01"]
[Round "?"]
[White "Amateur"]
[Black "Hossa"]
[Result "0-1"]
[WhiteElo "2620"]
[BlackElo "2610"]
[PlyCount "206"]
[EventDate "2000.??.??"]

1. e4 e5 2. Nf3 Nc6 3. Bb5 a6 4. Ba4 Nf6 5. O-O Be7 6. Re1 b5 7. Bb3 d6 8. c3
O-O 9. h3 Bb7 10. d4 Re8 11. Nbd2 Bf8 12. a4 h6 13. Bc2 exd4 14. cxd4 Nb4 15.
Bb1 c5 16. d5 Nd7 17. Ra3 f5 18. exf5 Nf6 19. axb5 axb5 20. Ne4 Rxa3 21. Nxf6+
Qxf6 22. Rxe8 Ra1 23. Re6 Qf7 24. Bd2 Bxd5 25. Bxb4 Bxf3 26. gxf3 cxb4 27. Qf1
Qh5 28. f6 g6 29. Re4 Qf5 30. f4 Kh8 31. Kg2 Kh7 32. Qd3 Qxf6 33. Re8 Kg7 34.
Qe4 d5 35. Qxg6+ Qxg6+ 36. Bxg6 Ra2 37. Bd3 Rxb2 38. Rd8 Bc5 39. Rxd5 Rxf2+ 40.
Kg3 Be3 41. Rf5 b3 42. Rxb5 b2 43. f5 Kf6 44. Kg4 Bd4 45. h4 Rd2 46. Bb1 Rd1
47. Bc2 Rc1 48. Bd3 Rh1 49. h5 Rd1 50. Bc2 Rd2 51. Be4 Rf2 52. Bd3 Ba7 53. Be4
Be3 54. Bb1 Rh2 55. Be4 Bg1 56. Bd5 Bd4 57. Be4 Re2 58. Bd3 Re3 59. Bc2 Re1 60.
Kf4 Be5+ 61. Kf3 Kg5 62. f6 Kxf6 63. Bg6 Bd4 64. Kg4 Ke6 65. Kf4 Kd6 66. Rb8
Kc6 67. Rb4 Rf1+ 68. Kg4 Kc5 69. Rb7 Be5 70. Kh3 Rg1 71. Rb3 Kd5 72. Rb5+ Kc4
73. Rb7 Bd4 74. Kh2 Rg5 75. Kh3 Kc3 76. Rb8 Bf6 77. Rb7 Bd8 78. Rb8 Bc7 79. Rb7
Bd6 80. Kh4 Bg3+ 81. Kh3 Bf2 82. Kh2 Bc5 83. Kh3 Bb4 84. Rc7+ Kb3 85. Bf7+ Ka4
86. Ra7+ Ba5 87. Be8+ Ka3 88. Bg6 Rxg6 89. hxg6 b1=Q 90. Rxa5+ Kb4 91. Rh5 Qd3+
92. Kg4 Qxg6+ 93. Kh4 Ka4 94. Rc5 Qe4+ 95. Kh5 Qh1+ 96. Kg6 Qg1+ 97. Kxh6 Qxc5
98. Kg6 Kb5 99. Kf6 Kc6 100. Ke6 Qg5 101. Kf7 Kd6 102. Kf8 Ke6 103. Ke8 Qg8# {
Amateur checkmated} 0-1

[Event "ICS rated blitz match"]
[Site "204.178.125.65"]
[Date "2000.10.01"]
[Round "?"]
[White "Hossa"]
[Black "Amateur"]
[Result "1/2-1/2"]
[WhiteElo "2626"]
[BlackElo "2604"]
[PlyCount "132"]
[EventDate "2000.??.??"]

1. e4 c6 2. d4 d5 3. Nc3 dxe4 4. Nxe4 Nd7 5. Bc4 Ngf6 6. Ng5 e6 7. Qe2 Nb6 8.
Bd3 h6 9. N5f3 c5 10. dxc5 Bxc5 11. Ne5 O-O 12. Ngf3 Nbd7 13. O-O Nxe5 14. Nxe5
Qd5 15. c3 b6 16. c4 Qd6 17. Bf4 Qd4 18. Bg3 Be7 19. Rfd1 Qc5 20. Be4 Nxe4 21.
Qxe4 Ba6 22. Nd7 Qxc4 23. Qxc4 Bxc4 24. Nxf8 Kxf8 25. Bd6 Bd5 26. Bxe7+ Kxe7
27. b3 Kd6 28. Rac1 f5 29. Rc3 f4 30. f3 g5 31. Rdc1 Ke5 32. Rc7 a5 33. Rc8 h5
34. Rxa8 Bxa8 35. Rc8 Bd5 36. Rb8 Kd6 37. Rxb6+ Kc5 38. Rb8 g4 39. Rc8+ Kb5 40.
Kf2 gxf3 41. gxf3 Kb4 42. Rh8 Ka3 43. Rxh5 Kxa2 44. Rxd5 exd5 45. h4 Kxb3 46.
h5 d4 47. h6 d3 48. h7 d2 49. h8=Q d1=Q 50. Qb8+ Ka2 51. Qxf4 a4 52. Qc4+ Qb3
53. Qe4 a3 54. f4 Ka1 55. Ke2 a2 56. Kd2 Qb2+ 57. Qc2 Qb4+ 58. Ke3 Qa3+ 59. Ke4
Qb2 60. Kd3 Qb5+ 61. Ke3 Qb6+ 62. Kf3 Qb7+ 63. Kg3 Qg7+ 64. Kf3 Qb7+ 65. Kg3
Qg7+ 66. Kf3 Qb7+ {Game drawn by repetition} 1/2-1/2

[Event "ICS rated blitz match"]
[Site "204.178.125.65"]
[Date "2000.10.01"]
[Round "?"]
[White "PostModernist"]
[Black "Hossa"]
[Result "0-1"]
[WhiteElo "2650"]
[BlackElo "2625"]
[PlyCount "130"]
[EventDate "2000.??.??"]

1. e4 c5 2. c3 e6 3. d4 d5 4. e5 Bd7 5. a3 Ne7 6. Nf3 cxd4 7. cxd4 Nbc6 8. Nc3
Nf5 9. Bb5 Qb6 10. Bxc6 Bxc6 11. g4 Ne7 12. O-O Ng6 13. h4 h5 14. g5 Be7 15.
Qe2 O-O-O 16. Rd1 Kb8 17. b4 Rc8 18. Bb2 Bd7 19. Qd3 Rc4 20. Re1 Rhc8 21. Rab1
Qd8 22. Ra1 R4c7 23. b5 Qg8 24. a4 Bb4 25. Rac1 Be8 26. Rc2 Nf4 27. Qd2 Qh7 28.
Re3 Qf5 29. Nh2 f6 30. gxf6 gxf6 31. exf6 Qxf6 32. Nf3 Rg7+ 33. Ng5 Rc4 34. Kh1
Rxd4 35. Qc1 Nd3 36. Nce4 Nxc1 37. Nxf6 Rxh4+ 38. Rh3 Rxh3+ 39. Nxh3 Nd3 40.
Nxe8 Rg4 41. Nf6 Rc4 42. Rxc4 dxc4 43. Bd4 h4 44. Ne4 e5 45. Ba1 Kc7 46. Nhg5
Kb6 47. Nf3 Ka5 48. Nxh4 Kxa4 49. Kg2 Kxb5 50. Ng6 Kc6 51. Nxe5+ Nxe5 52. Bxe5
Kd5 53. Bc3 Bxc3 54. Nxc3+ Kd4 55. Na2 a5 56. Nc1 b5 57. f4 b4 58. f5 Ke5 59.
Kf3 b3 60. Ne2 a4 61. f6 Kxf6 62. Ke4 a3 63. Kd5 b2 64. Nc3 a2 65. Kc5 a1=Q {
PostModernist resigns} 0-1

[Event "ICS rated blitz match"]
[Site "204.178.125.65"]
[Date "2000.10.01"]
[Round "?"]
[White "Hossa"]
[Black "PostModernist"]
[Result "0-1"]
[WhiteElo "2642"]
[BlackElo "2633"]
[PlyCount "186"]
[EventDate "2000.??.??"]

1. e4 c5 2. Nf3 g6 3. d4 Bg7 4. dxc5 Nf6 5. e5 Ng4 6. Qd4 h5 7. Bb5 Nc6 8. Bxc6
dxc6 9. Qxd8+ Kxd8 10. Bf4 f6 11. exf6 exf6 12. O-O Bd7 13. Nbd2 Kc8 14. Nc4 g5
15. Nd6+ Kb8 16. Rfe1 gxf4 17. Re7 Kc7 18. Nd4 Ne5 19. Ne6+ Kb8 20. Rxg7 a5 21.
Re1 Bc8 22. Nxf4 h4 23. Ng6 Nxg6 24. Rxg6 f5 25. Rf6 Ka7 26. Re7 Ka6 27. f4 Rb8
28. Kf2 a4 29. Re3 Rg8 30. Kf3 Bd7 31. Nxf5 Rbd8 32. Nxh4 Bg4+ 33. Kg3 Bh5+ 34.
Kf2 Rd2+ 35. Kf1 Rxc2 36. Re5 Rh8 37. Nf5 Rxb2 38. Rh6 Rxh6 39. Nxh6 Bd1 40. f5
Rxa2 41. f6 Bb3 42. Re4 Kb5 43. f7 Bxf7 44. Nxf7 Ra1+ 45. Ke2 Kxc5 46. Re5+ Kd4
47. Re8 a3 48. Rd8+ Kc5 49. Ng5 Rg1 50. Ne4+ Kc4 51. Ra8 Rxg2+ 52. Kf3 Rxh2 53.
Rxa3 Rh3+ 54. Ng3 b5 55. Ra1 b4 56. Rc1+ Kb5 57. Rd1 b3 58. Rb1 Kb4 59. Kg4 Rh2
60. Ne4 b2 61. Kg3 Rc2 62. Kf4 Kb3 63. Rd1 Ka2 64. Ke5 Rc1 65. Rd2 Re1 66. Kd4
Ka1 67. Nc3 Rc1 68. Rxb2 Kxb2 69. Na4+ Kb3 70. Nc5+ Ka3 71. Na6 Ka4 72. Ke3
Re1+ 73. Kd2 Re5 74. Kc3 Kb5 75. Nb4 Re3+ 76. Nd3 c5 77. Kd2 Rxd3+ 78. Kxd3 Kb4
79. Kc2 Kc4 80. Kd2 Kb3 81. Ke2 c4 82. Kd2 c3+ 83. Kd1 Kb2 84. Ke2 c2 85. Kf3
c1=Q 86. Kg4 Qc5 87. Kf4 Qh5 88. Kg3 Kc3 89. Kf4 Kd4 90. Kg3 Ke3 91. Kg2 Qg4+
92. Kh2 Kf3 93. Kh1 Qg2# {Hossa checkmated} 0-1

[Event "ICS rated blitz match"]
[Site "204.178.125.65"]
[Date "2000.10.01"]
[Round "?"]
[White "Varguz"]
[Black "Hossa"]
[Result "1-0"]
[WhiteElo "2780"]
[BlackElo "2626"]
[PlyCount "95"]
[EventDate "2000.??.??"]

1. e4 c5 2. Nf3 d6 3. d4 cxd4 4. Nxd4 e5 5. Bb5+ Nd7 6. Nf5 a6 7. Ba4 b5 8. Bb3
Ndf6 9. Ne3 Ne7 10. Nc3 b4 11. Ncd5 Nexd5 12. Nxd5 Rb8 13. Bg5 Be7 14. Nxe7
Qxe7 15. Qf3 O-O 16. Bxf6 Qxf6 17. Qxf6 gxf6 18. O-O-O Rb6 19. Rd3 Rd8 20. Rf3
Kg7 21. Rd1 Bb7 22. Bd5 Bxd5 23. Rxd5 Rc6 24. Kd2 Rdc8 25. c3 bxc3+ 26. Rxc3
Rxc3 27. bxc3 Rc4 28. Rxd6 Ra4 29. Ke3 Ra3 30. Rd3 Kg6 31. c4 Rxa2 32. Rc3 Rb2
33. c5 Rb7 34. c6 Rc7 35. Rc5 h6 36. h3 h5 37. Kd3 Kg7 38. Kc4 Kf8 39. Kb4 Ke7
40. Ka5 Kd8 41. Kxa6 Rc8 42. Kb7 Rc7+ 43. Kb6 Re7 44. Ra5 Re6 45. Ra8+ Ke7 46.
Kc5 Rxc6+ 47. Kxc6 f5 48. Ra7+ {Hossa resigns} 1-0

[Event "ICS Rated blitz match"]
[Site "204.178.125.65"]
[Date "2000.10.01"]
[Round "?"]
[White "PostModernist"]
[Black "Hossa"]
[Result "1-0"]
[WhiteElo "2662"]
[BlackElo "2640"]
[PlyCount "59"]
[EventDate "2000.??.??"]

1. e4 c5 2. c3 e6 3. d4 d5 4. e5 Bd7 5. Nf3 Qb6 6. a3 Nc6 7. b4 cxd4 8. cxd4
Nge7 9. Nc3 Nf5 10. Na4 Qc7 11. Bb2 g6 12. Bd3 b6 13. O-O a6 14. g4 Nfe7 15.
Nc3 b5 16. Bxb5 Nxe5 17. Nxe5 Bxb5 18. Qf3 Ng8 19. Rfe1 Rd8 20. Rac1 Qb7 21.
Nxd5 Rxd5 22. Nxf7 Qxf7 23. Rc8+ Ke7 24. Qxd5 Qxf2+ 25. Kxf2 Kf7 26. Qxe6+ Kg7
27. d5+ Kh6 28. Qe3+ g5 29. Qh3+ Kg6 30. Qh5# {Hossa checkmated} 1-0

[Event "ICS rated blitz match"]
[Site "204.178.125.65"]
[Date "2000.10.01"]
[Round "?"]
[White "Hossa"]
[Black "PostModernist"]
[Result "0-1"]
[WhiteElo "2625"]
[BlackElo "2677"]
[PlyCount "140"]
[EventDate "2000.??.??"]

1. e4 e6 2. d4 d5 3. Nd2 c5 4. exd5 Qxd5 5. dxc5 Bxc5 6. Ngf3 Nf6 7. Bc4 Qd6 8.
Qe2 Nc6 9. Nb3 Bb6 10. O-O O-O 11. Be3 Bxe3 12. fxe3 Bd7 13. Rad1 Qc7 14. Nc5
Rfd8 15. c3 Na5 16. Nxd7 Qxc4 17. Nxf6+ gxf6 18. Rxd8+ Rxd8 19. Qf2 Qc7 20. Qh4
Kg7 21. Nd4 Qe7 22. Qe4 Kg8 23. b4 Nc6 24. Nxc6 bxc6 25. Qxc6 Rd2 26. a4 f5 27.
a5 Qh4 28. b5 Qd8 29. a6 Qd3 30. Qa8+ Kg7 31. Qxa7 Qxb5 32. Qb7 Qxb7 33. axb7
Rb2 34. Rc1 Rxb7 35. c4 Kf6 36. Kf2 Ke5 37. Kf3 Rc7 38. Rc3 Kd6 39. Kf4 Kc5 40.
Rc1 Ra7 41. h3 Ra4 42. h4 Rxc4+ 43. Rxc4+ Kxc4 44. h5 f6 45. Kf3 e5 46. Ke2 e4
47. Kd2 Kb3 48. h6 Kb2 49. Kd1 Kc3 50. Ke2 Kc2 51. g3 Kc3 52. Ke1 Kd3 53. Kf2
Kd2 54. g4 f4 55. exf4 e3+ 56. Kf3 e2 57. Ke4 e1=Q+ 58. Kf5 Qe7 59. g5 fxg5 60.
fxg5 Qe3 61. Kf6 Qf4+ 62. Kg7 Qxg5+ 63. Kf8 Qxh6+ 64. Kg8 Qf4 65. Kg7 Kd3 66.
Kxh7 Qg5 67. Kh8 Kd4 68. Kh7 Ke5 69. Kh8 Kf6 70. Kh7 Qg7# {Hossa checkmated}
0-1

[Event "ICS rated blitz match"]
[Site "204.178.125.65"]
[Date "2000.10.01"]
[Round "?"]
[White "Hossa"]
[Black "xadom"]
[Result "1-0"]
[WhiteElo "2611"]
[BlackElo "2100"]
[PlyCount "53"]
[EventDate "2000.??.??"]

1. c4 Nf6 2. Nc3 e6 3. e4 Bb4 4. e5 Ng8 5. d4 Ne7 6. Qa4 a5 7. Bd3 O-O 8. a3
Bxc3+ 9. bxc3 d6 10. exd6 cxd6 11. Nf3 Bd7 12. Qd1 Nbc6 13. Rb1 Rb8 14. Bf4 Qc7
15. c5 Nc8 16. c4 f6 17. cxd6 Qd8 18. O-O Qe8 19. c5 e5 20. Bc4+ Kh8 21. Re1
Qh5 22. dxe5 fxe5 23. Nxe5 Qxd1 24. Rbxd1 Nxe5 25. Bxe5 Na7 26. Bxg7+ Kxg7 27.
Re7+ {xadom resigns} 1-0

[Event "ICS rated blitz match"]
[Site "204.178.125.65"]
[Date "2000.10.01"]
[Round "?"]
[White "kako"]
[Black "Hossa"]
[Result "0-1"]
[WhiteElo "2141"]
[BlackElo "2613"]
[PlyCount "45"]
[EventDate "2000.??.??"]

1. e4 e6 2. d4 d5 3. Nc3 dxe4 4. Nxe4 Nc6 5. Nf3 Nf6 6. Nxf6+ Qxf6 7. Bg5 Qf5
8. Bd3 Qa5+ 9. c3 Nxd4 10. Nxd4 Qxg5 11. O-O Bd7 12. Qf3 c6 13. Rfe1 Be7 14.
Qh3 O-O-O 15. Qf3 Bf6 16. Nb3 Kb8 17. Re4 e5 18. Ra4 Be6 19. Nc5 Bd5 20. Be4
Be7 21. Bxd5 Bxc5 22. Bxc6 Rd2 23. Ra5 {kako resigns} 0-1

[Event "ICS Rated standard match"]
[Site "204.178.125.65"]
[Date "2000.10.01"]
[Round "?"]
[White "PostModernist"]
[Black "Hossa"]
[Result "1/2-1/2"]
[WhiteElo "2486"]
[BlackElo "2447"]
[PlyCount "77"]
[EventDate "2000.??.??"]

1. d4 d5 2. Nf3 Nf6 3. e3 e6 4. Nbd2 c5 5. c3 Nc6 6. Bd3 Be7 7. O-O b6 8. Ne5
Nxe5 9. dxe5 Nd7 10. f4 c4 11. Bc2 Bb7 12. Qh5 g6 13. Qh6 Bf8 14. Qh3 b5 15.
Nf3 Nc5 16. b4 Ne4 17. Bb2 a5 18. Bxe4 dxe4 19. Nd4 axb4 20. Nxb5 Qa5 21. a4
bxa3 22. Nxa3 Qa4 23. Qh4 Qb3 24. Rab1 Ba6 25. f5 Be7 26. Qxe4 O-O 27. fxe6
fxe6 28. Rxf8+ Rxf8 29. Qc2 Rb8 30. Bc1 Bxa3 31. Rxb3 cxb3 32. Qd1 Bxc1 33. Qd6
Bxe3+ 34. Kh1 Rb6 35. Qd8+ Kg7 36. Qf6+ Kg8 37. Qd8+ Kg7 38. Qf6+ Kg8 39. Qd8+
{Game drawn by repetition} 1/2-1/2

[Event "ICS rated blitz match"]
[Site "204.178.125.65"]
[Date "2000.10.01"]
[Round "?"]
[White "Hossa"]
[Black "mandamus"]
[Result "0-1"]
[WhiteElo "2615"]
[BlackElo "2584"]
[PlyCount "90"]
[EventDate "2000.??.??"]

1. e4 c5 2. Nf3 d6 3. d4 cxd4 4. Nxd4 Nf6 5. Nc3 Nc6 6. Bg5 e6 7. Qd2 a6 8.
O-O-O h6 9. Be3 Be7 10. f3 Nxd4 11. Bxd4 b5 12. Kb1 Rb8 13. g4 Bb7 14. Be3 b4
15. Ne2 d5 16. Bf4 Rc8 17. Ng3 dxe4 18. Qe2 Qa5 19. fxe4 e5 20. Bd2 Qa4 21. Be1
Nxe4 22. Nf5 Bf8 23. Bg2 Qb5 24. Rd3 Nc3+ 25. Bxc3 bxc3 26. b3 f6 27. Nd4 Qb4
28. g5 Bxg2 29. Qh5+ Kd7 30. Qf7+ Be7 31. Nf5+ Kc7 32. Rg1 Be4 33. Nxe7 Kb8 34.
Nxc8 Rxc8 35. Rg4 Qc5 36. gxf6 Bxd3 37. Rxg7 Bxc2+ 38. Ka1 Be4 39. Qc4 Qe3 40.
Qxc8+ Kxc8 41. Rg8+ Kd7 42. Rg7+ Kd6 43. Rd7+ Kxd7 44. a3 Qc1+ 45. Ka2 Qb2# {
Hossa checkmated} 0-1

[Event "ICS rated blitz match"]
[Site "204.178.125.65"]
[Date "2000.10.02"]
[Round "?"]
[White "mandamus"]
[Black "Hossa"]
[Result "1-0"]
[WhiteElo "2601"]
[BlackElo "2598"]
[PlyCount "85"]
[EventDate "2000.??.??"]

1. e4 e5 2. Nf3 Nc6 3. Bb5 a6 4. Ba4 Nf6 5. O-O Be7 6. Re1 b5 7. Bb3 d6 8. c3
O-O 9. h3 Bb7 10. d4 Re8 11. Ng5 Rf8 12. Nf3 Re8 13. Nbd2 Bf8 14. a4 exd4 15.
cxd4 Nb4 16. Ng5 d5 17. e5 Nd3 18. Re3 Nxc1 19. Rxc1 h6 20. Nxf7 Kxf7 21. exf6
Rxe3 22. fxe3 gxf6 23. e4 bxa4 24. Qh5+ Kg7 25. Bxd5 Bxd5 26. exd5 Rb8 27. Nc4
Rb5 28. Ne3 Rxb2 29. Nf5+ Kh8 30. Qf7 a3 31. d6 cxd6 32. Rc3 a2 33. Rg3 a1=Q+
34. Kh2 Rxg2+ 35. Rxg2 Qa2 36. Rxa2 d5 37. Kh1 Qb8 38. Rb2 Qc8 39. Rg2 Qc1+ 40.
Rg1 Qg5 41. Rxg5 fxg5 42. Qxf8+ Kh7 43. Qg7# {Hossa checkmated} 1-0

[Event "ICS rated blitz match"]
[Site "204.178.125.65"]
[Date "2000.10.02"]
[Round "?"]
[White "Hossa"]
[Black "Amateur"]
[Result "1-0"]
[WhiteElo "2582"]
[BlackElo "2575"]
[PlyCount "167"]
[EventDate "2000.??.??"]

1. e4 e5 2. Nf3 Nf6 3. Nxe5 d6 4. Nf3 Nxe4 5. d4 d5 6. Bd3 Bd6 7. O-O O-O 8. c4
Be6 9. Re1 Bb4 10. cxd5 Nxf2 11. Kxf2 Bxe1+ 12. Kg1 Bg4 13. Qxe1 Bxf3 14. gxf3
Qxd5 15. Qe4 Qxe4 16. Bxe4 c6 17. Nc3 Rd8 18. d5 cxd5 19. Nxd5 Nc6 20. Bg5 f6
21. Bf4 Ne5 22. Rc1 Rd7 23. Rc7 Rad8 24. Rxd7 Rxd7 25. Bf5 Rd6 26. Kg2 Kf7 27.
Nc7 Rb6 28. b3 Rc6 29. Nd5 Rc5 30. Be4 Ke6 31. Nb4 Ng6 32. Be3 Rb5 33. Nc2 Ra5
34. a4 Nh4+ 35. Kg3 Nf5+ 36. Bxf5+ Kxf5 37. Nd4+ Kg6 38. Nb5 Ra6 39. Bxa7 Re6
40. Bf2 Re2 41. Nd6 Re7 42. Bc5 Rd7 43. a5 Kg5 44. f4+ Kg6 45. b4 f5 46. b5 Rc7
47. Bd4 Rd7 48. Be5 Re7 49. a6 bxa6 50. b6 Rd7 51. b7 Rd8 52. Bd4 Rb8 53. Ba7
Rxb7 54. Nxb7 Kf7 55. Nc5 a5 56. Bb6 Ke7 57. Bxa5 Kd6 58. Bb4 Kd5 59. Nd7 Kc4
60. Bf8 g6 61. Bg7 Kd3 62. Nf8 Kc4 63. Nxh7 Kd5 64. Nf8 Kc6 65. Nxg6 Kd5 66.
Ne7+ Ke6 67. Be5 Kxe7 68. Kh4 Kd7 69. Kg5 Ke6 70. Bd6 Kxd6 71. Kxf5 Ke7 72. h4
Kf7 73. Ke5 Ke7 74. f5 Kf7 75. f6 Kf8 76. Ke6 Ke8 77. f7+ Kf8 78. h5 Kg7 79.
h6+ Kxh6 80. f8=Q+ Kg5 81. Qf3 Kh4 82. Qg2 Kh5 83. Kf5 Kh4 84. Qh2# {
Amateur checkmated} 1-0

[Event "ICS rated blitz match"]
[Site "204.178.125.65"]
[Date "2000.10.02"]
[Round "?"]
[White "Amateur"]
[Black "Hossa"]
[Result "1-0"]
[WhiteElo "2559"]
[BlackElo "2598"]
[PlyCount "175"]
[EventDate "2000.??.??"]

1. e4 e5 2. Nf3 Nc6 3. Bb5 a6 4. Ba4 Nf6 5. O-O Be7 6. Re1 b5 7. Bb3 d6 8. c3
O-O 9. d3 Na5 10. Bc2 c5 11. Nbd2 Nc6 12. Nf1 a5 13. Ng3 a4 14. h3 Qc7 15. Qe2
b4 16. Bg5 Be6 17. Reb1 b3 18. axb3 axb3 19. Bd1 Ra2 20. Qf1 Rfa8 21. Be2 Qa5
22. Rxa2 bxa2 23. Ra1 Qb6 24. Bc1 Na5 25. Nd2 Nd7 26. Qe1 Bg5 27. Bd1 Nc6 28.
Bc2 Qb5 29. Nh5 Ne7 30. c4 Qb4 31. Qd1 f5 32. exf5 Nxf5 33. Nb3 Bxc1 34. Qxc1
d5 35. Qg5 h6 36. Qg4 d4 37. Ng3 Nf6 38. Qf3 e4 39. Nxe4 Nxe4 40. Qxe4 Re8 41.
Rxa2 Nd6 42. Qf4 Nxc4 43. dxc4 Bxc4 44. Ra3 d3 45. Bd1 Qe1+ 46. Kh2 Bd5 47. Ra7
Rf8 48. Qg3 Bf7 49. Bh5 Qe8 50. Nxc5 d2 51. Rd7 Qe1 52. Nb3 g5 53. Bxf7+ Rxf7
54. Rxd2 Qe7 55. h4 Rf4 56. hxg5 hxg5 57. Rd7 Qe5 58. Rd4 Kf7 59. Rxf4+ gxf4
60. Qf3 Kg8 61. Nc1 Qf6 62. Nd3 Qd4 63. Qg4+ Kh7 64. Qf5+ Kg8 65. Ne5 Qa7 66.
Qc8+ Kg7 67. Qd7+ Qxd7 68. Nxd7 Kf7 69. Nc5 Kf6 70. f3 Ke5 71. Nd3+ Kd4 72.
Nxf4 Ke3 73. Ne6 Kd3 74. b3 Ke3 75. b4 Kd3 76. b5 Kc4 77. b6 Kd5 78. b7 Kd6 79.
b8=Q+ Kd5 80. Ng5 Kc4 81. f4 Kc3 82. f5 Kc4 83. f6 Kd5 84. f7 Kc4 85. f8=Q Kd4
86. Qfd6+ Kc3 87. Ne4+ Kc4 88. Qbb4# {Hossa checkmated} 1-0

[Event "ICS rated blitz match"]
[Site "204.178.125.65"]
[Date "2000.10.02"]
[Round "?"]
[White "PostModernist"]
[Black "Hossa"]
[Result "1-0"]
[WhiteElo "2643"]
[BlackElo "2580"]
[PlyCount "76"]
[EventDate "2000.??.??"]

1. d4 Nf6 2. c4 e6 3. Nf3 d5 4. Bg5 Be7 5. Nc3 h6 6. Bh4 O-O 7. e3 b6 8. Be2 c5
9. cxd5 exd5 10. O-O Nc6 11. Ne5 Bb7 12. Ba6 Qc8 13. Bxb7 Qxb7 14. Bxf6 Bxf6
15. Ng4 Bh4 16. g3 Bd8 17. Nxd5 Qc8 18. Nf4 cxd4 19. exd4 Bg5 20. d5 Nb4 21. a3
Bxf4 22. axb4 Bd6 23. Qd4 h5 24. Ne5 Bxe5 25. Qxe5 Qh3 26. Rfe1 a6 27. Re4 f6
28. Qc7 Rfd8 29. Re7 Qg4 30. d6 Rab8 31. h3 Qg5 32. Rxa6 Rdc8 33. Rxb6 Qc1+ 34.
Kh2 Rxc7 35. Rxb8+ Rc8 36. Rxc8+ Qxc8 37. d7 Qc7 38. Re8+ Kf7 {Hossa resigns}
1-0

[Event "ICS Rated blitz match"]
[Site "204.178.125.65"]
[Date "2000.10.02"]
[Round "?"]
[White "Hossa"]
[Black "Amateur"]
[Result "0-1"]
[WhiteElo "2567"]
[BlackElo "2565"]
[PlyCount "87"]
[EventDate "2000.??.??"]

1. d4 Nf6 2. c4 g6 3. Nc3 Bg7 4. e4 d6 5. f3 O-O 6. Bg5 c5 7. d5 e6 8. Qd2 exd5
9. Nxd5 Be6 10. Nxf6+ Bxf6 11. h4 Bxg5 12. hxg5 Nc6 13. O-O-O Nd4 14. Kb1 Qb6
15. g4 Qc7 16. Qh2 f6 17. gxf6 Rxf6 18. g5 Rf7 19. Qh6 Nxf3 20. Nxf3 Rxf3 21.
Bd3 Raf8 22. Rd2 Qg7 23. Qh2 R8f4 24. Ka1 Rh3 25. Qg2 Rxh1+ 26. Qxh1 Qe7 27.
Qh6 Rg4 28. Rf2 Rg1+ 29. Bb1 Bxc4 30. Qh2 Rd1 31. Qh3 Rxb1+ 32. Kxb1 Qxe4+ 33.
Rc2 Be6 34. Qc3 Bf5 35. b4 cxb4 36. Qc7 Qxc2+ 37. Qxc2 Kf7 38. Kb2 Bxc2 39.
Kxc2 Ke6 40. Kb3 Kf5 41. Kc2 Kxg5 42. Kd1 a5 43. Kd2 a4 44. Kd3 {Hossa resigns}
0-1

[Event "ICS rated blitz match"]
[Site "204.178.125.65"]
[Date "2000.10.02"]
[Round "?"]
[White "Hossa"]
[Black "Colorado"]
[Result "0-1"]
[WhiteElo "2551"]
[BlackElo "2675"]
[PlyCount "86"]
[EventDate "2000.??.??"]

1. d4 Nf6 2. c4 e6 3. Nf3 b6 4. e3 Bb7 5. Bd3 d5 6. Nc3 Bd6 7. cxd5 Nxd5 8. e4
Nxc3 9. bxc3 O-O 10. O-O c5 11. Qc2 h6 12. e5 Be7 13. dxc5 Bxc5 14. Rd1 Qc7 15.
a4 Bxf3 16. gxf3 Nd7 17. f4 Rad8 18. Bd2 f6 19. Qa2 Kh8 20. Bc1 fxe5 21. Qxe6
Rf6 22. Qg4 exf4 23. Be4 Ne5 24. Qh5 Rxd1+ 25. Qxd1 f3 26. Ra2 Qc8 27. Kf1 Rd6
28. Rd2 Qh3+ 29. Ke1 Qxh2 30. Qxf3 Nxf3+ 31. Bxf3 Qg1+ 32. Ke2 Qxf2+ 33. Kd1
Rxd2+ 34. Bxd2 Qxf3+ 35. Kc2 Be3 36. Bxe3 Qxe3 37. Kb3 h5 38. a5 bxa5 39. Ka4
Qxc3 40. Kb5 Qc7 41. Ka4 Qb6 42. Ka3 Qb1 43. Ka4 Qb4# {Hossa checkmated} 0-1

[Event "ICS rated blitz match"]
[Site "204.178.125.65"]
[Date "2000.10.02"]
[Round "?"]
[White "PostModernist"]
[Black "Hossa"]
[Result "1-0"]
[WhiteElo "2658"]
[BlackElo "2540"]
[PlyCount "128"]
[EventDate "2000.??.??"]

1. e4 e5 2. Bc4 Nf6 3. d3 c6 4. Nf3 d5 5. Bb3 Bd6 6. Nc3 dxe4 7. Ng5 O-O 8.
Ncxe4 Nxe4 9. Nxe4 Na6 10. O-O Nc5 11. Nxc5 Bxc5 12. Be3 Bd6 13. Qh5 Qd7 14. f4
Qg4 15. Qxg4 Bxg4 16. fxe5 Bxe5 17. Bc5 Bxb2 18. Rae1 Bf6 19. h3 Bh5 20. Bxf8
Kxf8 21. g4 Bg6 22. Kg2 Bc3 23. Re2 h5 24. Rf3 hxg4 25. hxg4 a5 26. Rh3 Kg8 27.
Kf3 Rd8 28. Re7 b5 29. a4 Rc8 30. Re2 Rd8 31. Reh2 Kf8 32. axb5 cxb5 33. Re2
Kg8 34. Bd5 b4 35. Bb3 Bd4 36. Re7 Rc8 37. Rh1 Rd8 38. Rb7 Ra8 39. Rb5 Bc3 40.
Bd5 Rd8 41. Rxa5 Bb2 42. Bc4 Bf6 43. Ra6 Kf8 44. Ra7 Kg8 45. Rb7 Bc3 46. Ba2
Bd2 47. Bb3 Bc3 48. Bc4 Bd2 49. Kg3 Bc3 50. Rf1 Rf8 51. Rb6 Bh7 52. Bxf7+ Kh8
53. g5 g6 54. Kg2 Kg7 55. Rb7 Ra8 56. Bd5+ Kh8 57. Rh1 Bg7 58. Rxg7 Kxg7 59.
Bxa8 Bg8 60. Rb1 Kf8 61. Rxb4 Ke7 62. Be4 Bf7 63. Rb6 Be6 64. Bxg6 Bd5+ {
Hossa resigns} 1-0